书目信息 |
| 题名: |
爱和自由
|
|
| 作者: | 孙瑞雪 著 | |
| 分册: | ||
| 出版信息: | 北京 中国妇女出版社 2018 |
|
| 页数: | 212页, [8] 页图版 | |
| 开本: | 24cm | |
| 丛书名: | ||
| 单 册: | ||
| 中图分类: | G61 , G781 | |
| 科图分类: | ||
| 主题词: | 幼儿教育--you er jiao yu--研究 , 幼儿教育--you er jiao yu--家庭教育 | |
| 电子资源: | ||
| ISBN: | 978-7-5127-1482-3 | |
| 000 | 00891nam0 2200289 450 | |
| 001 | 012001003462 | |
| 005 | 20191029164254.67 | |
| 010 | @a978-7-5127-1482-3@dCNY32.00 | |
| 099 | @aCAL 012018115393 | |
| 100 | @a20180915d2018 em y0chiy50 ea | |
| 101 | 0 | @achi |
| 102 | @aCN@b110000 | |
| 105 | @aaf z 000yy | |
| 106 | @ar | |
| 200 | 1 | @a爱和自由@Aai he zi you@e孙瑞雪幼儿教育演讲录@f孙瑞雪著 |
| 205 | @a第5版@b增订本 | |
| 210 | @a北京@c中国妇女出版社@d2018 | |
| 215 | @a212页, [8] 页图版@c彩图@d24cm | |
| 305 | @a版权页题第1版,前言及封面题第5版。 | |
| 517 | 1 | @a孙瑞雪幼儿教育演讲录@Asun rui xue you er jiao yu yan jiang lu |
| 606 | 0 | @a幼儿教育@Ayou er jiao yu@x研究 |
| 606 | 0 | @a幼儿教育@Ayou er jiao yu@x家庭教育 |
| 690 | @aG61@v5 | |
| 690 | @aG781@v5 | |
| 701 | 0 | @a孙瑞雪@Asun rui xue@4著 |
| 801 | 0 | @aCN@b江苏凤凰@c20191020 |
| 905 | @b1218020-3@dG61@e732=5@f4 | |
| 爱和自由:孙瑞雪幼儿教育演讲录/孙瑞雪著.-第5版,增订本.-北京:中国妇女出版社,2018 |
| 212页, [8] 页图版:彩图;24cm |
| ISBN 978-7-5127-1482-3:CNY32.00 |
| ● |
| 相关链接 |
|
|
|
|
正题名:爱和自由
索取号:G61/732=5
 
预约/预借
| 序号 | 登录号 | 条形码 | 馆藏地/架位号 | 状态 | 备注 |
| 1 | 1218020 | 212180209 | 第一样本阅览室/ [索取号:G61/732=5] | 在馆 | |
| 2 | 1218021 | 212180218 | 教育系资料室/ [索取号:G61/732=5] | 在馆 | |
| 3 | 1218022 | 212180227 | 教育系资料室/ [索取号:G61/732=5] | 在馆 | |
| 4 | 1218023 | 212180236 | 第四借阅区/ [索取号:G61/732=5] | 在馆 |